Πρωτεύουσες που Τελειώνουν με Ο - Statistics

General Stats
  • This quiz has been taken 7 times
    6 since last reset
  • The average score is 12 of 23
Answer Stats
Χώρα Πρωτεύουσα % Correct
Νορβηγία Όσλο
100%
Βατικανό Βατικανό
100%
Γερμανία Βερολίνο
100%
Ουκρανία Κίεβο
100%
Μονακό Μονακό
100%
Ηνωμένο Βασίλειο Λονδίνο
83%
Αίγυπτος Κάιρο
83%
Ιαπωνία Τόκιο
67%
Βοσνία και Ερζεγοβίνη Σαράγεβο
67%
Ουρουγουάη Μοντεβιδέο
67%
Χιλή Σαντιάγο
67%
Κίνα Πεκίνο
50%
Ιρλανδία Δουβλίνο
50%
Ισημερινός Κίτο
50%
Σουρινάμ Παραμαρίμπο
50%
Μαδαγασκάρη Ανταναναρίβο
33%
Μοζαμβίκη Μαπούτο
17%
Μάλι Μπαμακό
17%
Μιανμάρ Νέπιντο
0%
Ακτή Ελεφαντοστού Γιαμουσσούκρο
0%
Δομινίκα Ροζό
0%
Δομινικανή Δημοκρατία Σάντο Ντομίνγκο
0%
Νήσοι Μάρσαλ Ματζούρο
0%
No matching quizzes found
Score Distribution
Percent of People with Each Score
Percentile by Number Answered
Your Score History
You have not taken this quiz since the last reset